[Event "WPL:Abergavenny-Cardiff"]
[Site "?"]
[Date "2018.12.02"]
[Round "2.11"]
[White "Sivarajasingam, Shayanna"]
[Black "Parry, Matthew"]
[Result "1/2-1/2"]
[WhiteElo "1777"]
[BlackElo "1901"]
[PlyCount "70"]

1. e4 d5 2. exd5 Nf6 3. Nf3 Bg4 4. d4 Qxd5 5. Be2 Nc6 6. c3 e6 7. Bf4 Bd6 8.
Bxd6 Qxd6 9. Nbd2 O-O 10. O-O Rad8 11. Nc4 Qf4 12. Qc1 Nd5 13. Re1 Qxc1 14.
Raxc1 Nf4 15. Ncd2 e5 16. h3 Nxe2+ 17. Rxe2 Bxf3 18. Nxf3 exd4 19. Nxd4 Nxd4
20. cxd4 Rd7 21. Rce1 g6 22. Re7 Rfd8 23. Rxd7 Rxd7 24. Re8+ Kg7 25. Rb8 c6 26.
Kf1 Kf6 27. Ke2 Ke6 28. Ke3 Kd6 29. Rh8 f5 30. b3 Kc7 31. Re8 a5 32. Re5 b6 33.
a4 Kd6 34. f4 h5 35. h4 Rc7 1/2-1/2

[Event "WPL:Abergavenny-Cardiff"]
[Site "?"]
[Date "2018.12.02"]
[Round "2.12"]
[White "Allford, Zane"]
[Black "Sivarajasingam, Venetia"]
[Result "1-0"]
[WhiteElo "1702"]
[BlackElo "1769"]
[PlyCount "65"]

1. e4 e6 2. d4 d5 3. exd5 exd5 4. Bf4 Bd6 5. Qd2 Qe7+ 6. Be2 Bxf4 7. Qxf4 Qb4+
8. Nd2 Qxb2 9. Rb1 Qxc2 10. Ngf3 Ne7 11. O-O c6 12. Ne5 Qf5 13. Qg3 Qf6 14. Rb3
Nf5 15. Qh3 O-O 16. Bg4 Nxd4 17. Bxc8 Qxe5 18. Bxb7 Nxb3 19. Nxb3 Na6 20. Bxa6
Rad8 21. f4 Qb2 22. Bd3 g6 23. Rf2 Qf6 24. f5 Rde8 25. fxg6 Re1+ 26. Bf1 Qxg6
27. Rf3 Kh8 28. Qh4 Rfe8 29. Qd4+ Qg7 30. Qxa7 Rg8 31. Rg3 Qf6 32. Rxg8+ Kxg8
33. Qb8+ 1-0

[Event "WPL:The Full Ponty-Nidum"]
[Site "?"]
[Date "2018.12.02"]
[Round "2.13"]
[White "Musson, Adam J"]
[Black "Davis, Lee"]
[Result "1-0"]
[WhiteElo "2005"]
[BlackElo "1940"]
[PlyCount "171"]

1. Nf3 g6 2. c4 Bg7 3. Nc3 Nf6 4. d4 d6 5. e4 O-O 6. Be2 e5 7. d5 Nbd7 8. Bg5
h6 9. Be3 Ng4 10. Bd2 a5 11. h3 Ngf6 12. Be3 b6 13. g4 Nc5 14. Nd2 Nh7 15. Rg1
Bd7 16. Qc2 Qe7 17. O-O-O a4 18. Nf1 Rfd8 19. Ng3 Ng5 20. Rh1 c6 21. h4 Nh7 22.
f3 Qe8 23. Qd2 Qf8 24. Rdf1 cxd5 25. Nxd5 Rab8 26. h5 g5 27. Nc3 Ne6 28. Nf5
Nd4 29. Nxd4 exd4 30. Bxd4 Be6 31. Kb1 Nf6 32. Nxa4 b5 33. cxb5 d5 34. e5 Nd7
35. f4 gxf4 36. Qxf4 Qb4 37. Bc3 Qxf4 38. Rxf4 Nxe5 39. Rb4 Nc4 40. Bxg7 Kxg7
41. Nc5 Nd2+ 42. Kc2 Ne4 43. Nxe6+ fxe6 44. Re1 Rbc8+ 45. Kd3 e5 46. Ke3 Ng5
47. Rf1 d4+ 48. Kd2 e4 49. Ra4 Rd7 50. Ra6 Rf7 51. Rg6+ Kh7 52. Rxf7+ Nxf7 53.
Rc6 Rf8 54. Rc7 Kh8 55. b6 d3 56. Bd1 Nd6 57. Ke3 Rf1 58. b7 Nxb7 59. Rxb7 Rxd1
60. Kxe4 d2 61. Kd3 Ra1 62. Kxd2 Rxa2 63. Ke3 Kg8 64. Kf4 Kf8 65. Kf5 Ra5+ 66.
Kf4 Ra2 67. b3 Rf2+ 68. Ke5 Re2+ 69. Kf5 Rf2+ 70. Ke5 Ra2 71. Kf4 Rf2+ 72. Kg3
Rf1 73. b4 Ke8 74. b5 Kd8 75. Rb6 Rb1 76. Kf4 Kc7 77. Rxh6 Rxb5 78. Re6 Kd7 79.
Re2 Rb4+ 80. Re4 Rb8 81. h6 Rb1 82. g5 Rf1+ 83. Kg4 Rh1 84. Kf5 Kd6 85. Kg6 Kd5
86. Re2 1-0

[Event "WPL:The Full Ponty-Nidum"]
[Site "?"]
[Date "2018.12.02"]
[Round "2.14"]
[White "Gilbert, Jon A."]
[Black "Saunders, Robert"]
[Result "0-1"]
[WhiteElo "2034"]
[BlackElo "2068"]
[PlyCount "100"]

1. d4 Nf6 2. c4 c5 3. Nf3 e6 4. Nc3 d5 5. cxd5 Nxd5 6. e3 Nc6 7. a3 cxd4 8.
exd4 Be7 9. Bd3 O-O 10. O-O b6 11. Re1 Bb7 12. Bc2 Nxc3 13. bxc3 Qd5 14. Qd3
Qh5 15. Bf4 Bf6 16. Re3 Ne7 17. Bd6 Nf5 18. Bxf8 Nxe3 19. Qxe3 Rxf8 20. Ne1 Rc8
21. Bb3 Kf8 22. c4 Rd8 23. Rd1 Be7 24. Ra1 Qg4 25. d5 exd5 26. cxd5 Bxd5 27.
Bxd5 Rxd5 28. Nf3 Bc5 29. Qe2 Rg5 30. g3 Rd5 31. Re1 Rd8 32. Kg2 a5 33. Qa2 Qd7
34. Qc2 Qd3 35. Qc1 Qxa3 36. Qg5 Be7 37. Qh5 Qd3 38. Qe5 Bf6 39. Qc7 Qd6 40.
Qb7 g6 41. Qa6 Qc6 42. Re3 a4 43. Ra3 Ra8 44. Qe2 b5 45. Qd2 Kg7 46. h4 h5 47.
Kh2 Rd8 48. Qa2 b4 49. Re3 b3 50. Qb1 Qc2 0-1

[Event "WPL:The Full Ponty-Nidum"]
[Site "?"]
[Date "2018.12.02"]
[Round "2.15"]
[White "Yeo, Gareth"]
[Black "Waterfield, John W"]
[Result "1-0"]
[WhiteElo "1942"]
[BlackElo "1930"]
[PlyCount "129"]

1. c4 g6 2. Nc3 Bg7 3. d4 c5 4. d5 e5 5. e4 d6 6. Nge2 Ne7 7. Ng3 O-O 8. Bd3 f5
9. exf5 Nxf5 10. Bxf5 gxf5 11. Nh5 Bh8 12. Bh6 Rf7 13. Qf3 Qh4 14. h3 Nd7 15.
g4 fxg4 16. Qxg4+ Qxg4 17. hxg4 Nf6 18. Nxf6+ Rxf6 19. Ne4 Rg6 20. f3 Bd7 21.
a4 Bg7 22. Bg5 Rf8 23. Ke2 Rf7 24. b3 b6 25. Rh2 Bf8 26. Rah1 a6 27. Rh5 b5 28.
axb5 axb5 29. Ra1 bxc4 30. bxc4 Bc8 31. Ra8 Bb7 32. Ra2 Kg7 33. Ng3 Bc8 34. Ra8
Bb7 35. Ra1 Bc8 36. Nf5+ Kg8 37. Nh4 Rgg7 38. Ke3 h6 39. Bxh6 Bxg4 40. fxg4
Rxg4 41. Rg5+ Rxg5 42. Bxg5 Rb7 43. Ke4 Rb4 44. Rc1 Kf7 45. Kf5 Rb2 46. Nf3 Rf2
47. Rc3 e4 48. Kxe4 Kg6 49. Be3 Rb2 50. Rc1 Rb4 51. Nd2 Bg7 52. Bf4 Rb2 53.
Rg1+ Kf7 54. Rf1 Ke8 55. Kd3 Rb6 56. Rg1 Kf7 57. Re1 Ra6 58. Re6 Bf8 59. Ke4
Ra2 60. Kf5 Be7 61. Rh6 Bf8 62. Rh7+ Ke8 63. Rb7 Ra1 64. Ne4 Rf1 65. Ke6 1-0

[Event "WPL:The Full Ponty-Nidum"]
[Site "?"]
[Date "2018.12.02"]
[Round "2.16"]
[White "Jukes, Sam"]
[Black "Gibbons, Andrew"]
[Result "1-0"]
[WhiteElo "1888"]
[BlackElo "1945"]
[PlyCount "63"]

1. e4 c5 2. Nf3 Nc6 3. d4 cxd4 4. Nxd4 g6 5. Nc3 Bg7 6. Be3 Nf6 7. f3 d5 8. Bb5
Bd7 9. exd5 Nb4 10. Bc4 Rc8 11. Qe2 O-O 12. a3 Na6 13. Bxa6 bxa6 14. Qxa6 Rxc3
15. bxc3 Nxd5 16. Qd3 Nxe3 17. Qxe3 e5 18. Nb3 Bf5 19. O-O Bxc2 20. Nd2 Qc7 21.
Rac1 Ba4 22. Kh1 Rc8 23. c4 Bf8 24. Ne4 Kg7 25. f4 exf4 26. Qd4+ Kh6 27. Rf3
Bd7 28. Rcc3 Kh5 29. Qf6 Bh6 30. Rh3+ Bxh3 31. Rxh3+ Kg4 32. Rh4# 1-0

[Event "WPL:The Full Ponty-Nidum"]
[Site "?"]
[Date "2018.12.02"]
[Round "2.17"]
[White "Davies, Matthew"]
[Black "Harris, Calum"]
[Result "1-0"]
[WhiteElo "1940"]
[BlackElo "1761"]
[PlyCount "79"]

1. d4 Nf6 2. c4 g6 3. Nc3 d5 4. cxd5 Nxd5 5. e4 Nxc3 6. bxc3 Bg7 7. Be3 c5 8.
Nf3 Nc6 9. Rc1 Bg4 10. d5 Ne5 11. Be2 Bxf3 12. gxf3 Qa5 13. O-O O-O 14. f4 Nd7
15. Qc2 b5 16. c4 b4 17. Rcd1 Nb6 18. Bd3 Na4 19. e5 Nc3 20. Rd2 Qc7 21. f3 f6
22. exf6 Bxf6 23. Rg2 Bg7 24. f5 Rf6 25. fxg6 h5 26. Qf2 Ra6 27. Qh4 Qe5 28.
Bxc5 Rxa2 29. Rxa2 Nxa2 30. Qxe7 Qf4 31. Qe4 Qg5+ 32. Kh1 Nc3 33. Qe6+ Kh8 34.
Be3 Qd8 35. Qf5 Qe7 36. Qxh5+ Kg8 37. Qh7+ Kf8 38. Bh6 Qb7 39. Qh8+ Ke7 40.
Qxg7+ 1-0

[Event "WPL:The Full Ponty-Nidum"]
[Site "?"]
[Date "2018.12.02"]
[Round "2.18"]
[White "James, Dai"]
[Black "Jones, Ian Robert"]
[Result "0-1"]
[WhiteElo "1863"]
[BlackElo "1958"]
[PlyCount "48"]

1. e4 Nc6 2. d4 d5 3. exd5 Qxd5 4. Be3 e5 5. c4 Qa5+ 6. Bd2 Bb4 7. d5 Nd4 8.
Nc3 Nf6 9. a3 Bf5 10. Rc1 Be7 11. Ne4 Qb6 12. c5 Qb3 13. Qxb3 Nxb3 14. Bb5+ Kf8
15. d6 Nxe4 16. dxe7+ Kxe7 17. Nf3 Nexd2 18. Nxd2 Nxc1 19. O-O Bd3 20. Rxc1
Bxb5 21. Re1 Rad8 22. Ne4 Rhe8 23. f4 Kf8 24. Nc3 Bc6 0-1